| 000 | 01540nam a2200493 i 4500 | ||
|---|---|---|---|
| 001 | 4186 | ||
| 003 | KOSZ 005 | ||
| 005 | 20200422084251.0 | ||
| 008 | 970904s1990 pl a f |001 0 pol | ||
| 015 | _aUWD 1990/6135 | ||
| 020 | _a8301064609 | ||
| 020 | _a8301084405 | ||
| 035 | _a991002093299705066 | ||
| 035 | _a(PL-WaBN)b10582174-48omnis_nlop | ||
| 035 | _ab10582174 | ||
| 035 | _a(OCoLC)749811153 | ||
| 035 | _a(PL)b0000001058217 | ||
| 035 | _a(EXLNZ-48OMNIS_NETWORK)9910133714505606 | ||
| 040 |
_aWA N _cWA N _dKOSZ 005/1 |
||
| 041 | _apol | ||
| 044 | _apl | ||
| 046 | _k1990 | ||
| 080 | _a517 | ||
| 080 | _a(075.8) | ||
| 100 | 1 |
_aKleiner, Witold _d(1929-2018) _eAutor |
|
| 245 | 1 | 0 |
_aAnaliza matematyczna. _nT. 2 / _cWitold Kleiner. |
| 260 |
_aWarszawa : _bPaństwowe Wydawnictwo Naukowe, _c1990. |
||
| 300 |
_a299, [1] strona : _bilustracje ; _c24 cm. |
||
| 336 |
_aTekst _btxt _2rdacontent |
||
| 337 |
_aBez urządzenia pośredniczącego _bn _2rdamedia |
||
| 338 |
_aWolumin _bnc _2rdacarrier |
||
| 380 | _aKsiążki | ||
| 388 | _a1901-2000 | ||
| 388 | _a1989-2000 | ||
| 504 | _aBibliografia na stronie 291. Indeks. | ||
| 580 | _aT. 1 poz. 8701/86 | ||
| 650 | 7 |
_aAnaliza matematyczna _2DBN |
|
| 655 | 7 |
_aPodręczniki akademickie _2DBN |
|
| 658 | _aMatematyka | ||
| 710 |
_aPaństwowe Wydawnictwo Naukowe _4pbl |
||
| 856 |
_uhttp://koha.tu.koszalin.pl/cgi-bin/koha/opac-detail.pl?biblionumber=4186 _yKatalog online BPK |
||
| 942 |
_2UKD _cKS |
||
| 999 |
_c4186 _d4186 |
||